Family health care nursing : (Record no. 2142)
[ view plain ]
| 000 -LEADER | |
|---|---|
| fixed length control field | 01424cam a22004094a 4500 |
| 001 - CONTROL NUMBER | |
| control field | 11980268 |
| 003 - CONTROL NUMBER IDENTIFIER | |
| control field | Ke-BoTe |
| 005 - DATE AND TIME OF LATEST TRANSACTION | |
| control field | 20220505130556.0 |
| 008 - FIXED-LENGTH DATA ELEMENTS--GENERAL INFORMATION | |
| fixed length control field | 000419s2001 paua b 001 0 eng |
| 010 ## - LIBRARY OF CONGRESS CONTROL NUMBER | |
| LC control number | 00031483 |
| 020 ## - INTERNATIONAL STANDARD BOOK NUMBER | |
| International Standard Book Number | 0803605986 |
| 035 ## - SYSTEM CONTROL NUMBER | |
| System control number | (DNLM)100953590 |
| 040 ## - CATALOGING SOURCE | |
| Original cataloging agency | DNLM/DLC |
| Transcribing agency | DLC |
| Modifying agency | DLC |
| 042 ## - AUTHENTICATION CODE | |
| Authentication code | pcc |
| 050 00 - LIBRARY OF CONGRESS CALL NUMBER | |
| Classification number | RT120.F34 |
| Item number | F35 2000 |
| 060 10 - NATIONAL LIBRARY OF MEDICINE CALL NUMBER | |
| Classification number | WY 100 |
| Item number | F198 2000 |
| 082 00 - DEWEY DECIMAL CLASSIFICATION NUMBER | |
| Classification number | 610.73 |
| Edition number | 21 |
| 245 00 - TITLE STATEMENT | |
| Title | Family health care nursing : |
| Remainder of title | theory, practice, and research / |
| Statement of responsibility, etc. | [edited by] Shirley May Harmon Hanson. |
| 250 ## - EDITION STATEMENT | |
| Edition statement | 2nd ed. |
| 260 ## - PUBLICATION, DISTRIBUTION, ETC. | |
| Place of publication, distribution, etc. | Philadelphia : |
| Name of publisher, distributor, etc. | F.A. Davis, |
| Date of publication, distribution, etc. | c2001. |
| 300 ## - PHYSICAL DESCRIPTION | |
| Extent | xviii, 469 p. : |
| Other physical details | ill. ; |
| Dimensions | 26 cm. |
| 504 ## - BIBLIOGRAPHY, ETC. NOTE | |
| Bibliography, etc. note | Includes bibliographical references and index. |
| 650 #0 - SUBJECT ADDED ENTRY--TOPICAL TERM | |
| Topical term or geographic name entry element | Family nursing. |
| 650 #0 - SUBJECT ADDED ENTRY--TOPICAL TERM | |
| Topical term or geographic name entry element | Families |
| General subdivision | Health and hygiene. |
| 9 (RLIN) | 3508 |
| 650 #0 - SUBJECT ADDED ENTRY--TOPICAL TERM | |
| Topical term or geographic name entry element | Sick |
| General subdivision | Family relationships. |
| 9 (RLIN) | 3936 |
| 650 #0 - SUBJECT ADDED ENTRY--TOPICAL TERM | |
| Topical term or geographic name entry element | Child health services. |
| 9 (RLIN) | 4288 |
| 650 12 - SUBJECT ADDED ENTRY--TOPICAL TERM | |
| Topical term or geographic name entry element | Nursing Care. |
| 9 (RLIN) | 2680 |
| 650 22 - SUBJECT ADDED ENTRY--TOPICAL TERM | |
| Topical term or geographic name entry element | Child Health Services. |
| 9 (RLIN) | 4289 |
| 650 22 - SUBJECT ADDED ENTRY--TOPICAL TERM | |
| Topical term or geographic name entry element | Family Practice. |
| 9 (RLIN) | 4227 |
| 650 22 - SUBJECT ADDED ENTRY--TOPICAL TERM | |
| Topical term or geographic name entry element | Health Promotion. |
| 650 22 - SUBJECT ADDED ENTRY--TOPICAL TERM | |
| Topical term or geographic name entry element | Nursing Process. |
| 9 (RLIN) | 3203 |
| 700 1# - ADDED ENTRY--PERSONAL NAME | |
| Personal name | Hanson, Shirley M. H., |
| Dates associated with a name | 1938- |
| 9 (RLIN) | 4290 |
| 906 ## - LOCAL DATA ELEMENT F, LDF (RLIN) | |
| a | 7 |
| b | cbc |
| c | orignew |
| d | 1 |
| e | ocip |
| f | 20 |
| g | y-gencatlg |
| 942 ## - ADDED ENTRY ELEMENTS (KOHA) | |
| Source of classification or shelving scheme | Library of Congress Classification |
| Koha item type | Books |
| Suppress in OPAC | No |
| Withdrawn status | Lost status | Source of classification or shelving scheme | Damaged status | Not for loan | Collection code | Home library | Current library | Shelving location | Date acquired | Full call number | Barcode | Date last seen | Price effective from | Koha item type |
|---|---|---|---|---|---|---|---|---|---|---|---|---|---|---|
| Library of Congress Classification | Non-fiction | SCHOOL OF HEALTH SCIENCES | SCHOOL OF HEALTH SCIENCES | General Stacks | 05.05.2022 | RT120.F34 F35 2000 | 00001879 | 05.05.2022 | 05.05.2022 | Books |
